000 01009nam a2200217 i 4500
001 bg
100 1 _aBŁAHUT, Bożena
245 0 _aRozwój zachodnioeuropejskiej integracji gospodarczej w latach 1970-1980 :
_bpropozycja pomiaru /
_cBożena Błahut.
260 _aWrocław :
_bWydaw. PW,
_c1991.
300 _a106, [1] s. :
_b2 rys. ;
_c24 cm.
490 1 _aPrace Naukowe Instytutu Nauk Ekonomiczno-Społecznych Politechniki Wrocławskiej. Monografie =
_aScientific Papers of the Institute of Economic and Social Sciences of the Technical University of Wrocław. Monographs,
_x0239-3204 ;
_v31
500 _aNumeracja ser. gł. : 45.
504 _aBibliogr. s. 91-102.
710 _aPOLITECHNIKA WROCŁAWSKA (Wrocław). Instytut Nauk Ekonomiczno-Społecznych
830 0 _aPrace Naukowe Instytutu Nauk Ekonomiczno-Społecznych Politechniki Wrocławskiej.
_pMonografie ;
_v31
040 _cBPK
041 _apol
080 _a339.92(4-15):311
942 _cKS
008 s pl f |000 0 pol
999 _c30075
_d30075
856 _uhttp://koha.tu.koszalin.pl/cgi-bin/koha/opac-detail.pl?biblionumber=30075
_yKatalog online BPK